50. Jiráskuv Hronov - celostátní přehlídka amatérských divadelních souboru

Bibliographic Details
Format: Photo
Language:Slovak
PhysicalDescription:1 plagát farebný, textové informácie v pravej hornej časti vyobrazená divadelná maska 84 x 60 cm
Published: Hronov Jiráskovo divadlo 1980
Subjects:

MARC

LEADER 00000nkm a2200000 a 4500
001 vtls011608302
003 SK-MaSNL
005 20260302085516.0
007 kf bo
008 240409s1997 xo g kuslo
035 |a urn:nbn:sk:snk-km00cq9k 
035 |a urn:nbn:sk:snk-km3lrda 
035 |a AA41E507-7061-4484-A963-C3D7C7C3D809 
040 |a SNK  |b slo  |c SNK  |e AACR2 
041 0 |a slo 
043 |a e-xo--- 
044 |a xo  |c SK 
072 7 |a 394  |x Verejný a spoločenský život. Každodenný život  |2 konspekt 
072 7 |a 929  |x Biografie  |2 konspekt 
080 |a 394.46  |2 2011 
080 |a (084.5)  |2 2011 
080 |a 929  |2 2011 
245 0 0 |a 50. Jiráskuv Hronov - celostátní přehlídka amatérských divadelních souboru 
246 3 |a Padesátý Jiráskuv Hronov - celostátní přehlídka amatérských divadelních souboru 
260 |a Hronov  |b Jiráskovo divadlo  |c 1980 
300 |a 1 plagát  |b farebný, textové informácie v pravej hornej časti vyobrazená divadelná maska  |c 84 x 60 cm 
648 7 |a 1896-1996  |2 SNKPH  |9 286313 
650 0 7 |a divadlo  |2 SNKPH  |9 3335 
651 7 |a Česko  |2 SNKPH  |9 16753 
655 7 |a plagáty  |2 SNKPH  |9 70571 
852 |a Slovenská národná knižnica v Martine 
958 |a CP 
999 |c 1192521  |d 1194451 
952 |a SNKLM  |b SNKLM  |y NEVYP  |7 1  |p 17A1201634  |o snklm L 965  |8 7  |0 0  |1 0  |4 0  |d 2017-02-02  |f 1  |l 0  |r 2026-02-24 22:16:18  |w 2026-02-24